Estadísticas para Países de América por 2 Primeras Letras

Haz click aquí para intentar la prueba.

Estadísticas generales

  • Esta prueba ha sido intentada 1.371 veces
  • La puntuación promedio es 28 de 35

Respuestas en el mapa

Las respuestas están codificadas por una escala verde-roja en el mapa de la prueba según el % correcto abajo.
 

Estadísticas de respuestas

Country% Correcto
Canadá
97%
Estados Unidos
96%
México
96%
Brasil
95%
Colombia
95%
Costa Rica
95%
Argentina
94%
Panamá
94%
Paraguay
94%
Chile
92%
Guatemala
92%
Guyana
92%
Perú
91%
Venezuela
90%
Bolivia
88%
Cuba
88%
Uruguay
88%
Ecuador
86%
Honduras
78%
Surinam
78%
Haití
76%
Nicaragua
74%
Bahamas
72%
Barbados
72%
Belice
71%
El Salvador
71%
República
Dominicana
67%
San Cristóbal
y Nieves
64%
Santa Lucía
64%
San Vicente y
las Granadinas
64%
Jamaica
62%
Dominica
51%
Antigua y Barbuda
49%
Trinidad y Tobago
47%
Granada
44%

Distribución de puntuación

Porcentaje por número respondido

Porcentaje de gente con cada puntuación

Historial de tus puntuaciones

No has intentado esta prueba.